| 000 | 00415 a2200157 4500 | ||
|---|---|---|---|
| 001 | 10922 | ||
| 020 | _a9788588159228 | ||
| 040 | _cAnchieta - Aquarius | ||
| 100 | _aAlves, Sheila | ||
| 240 | 1 | 0 |
_aO lobo, os três pilantrinhas e a boba de chapeuzinho _lpor |
| 245 | 1 | 0 | _aO lobo, os três pilantrinhas e a boba de chapeuzinho |
| 300 | _a | ||
| 362 | 0 | _a2004 | |
| 650 | 4 | _aLiteratura infanto-juvenil | |
| 942 | _cBK | ||
| 999 |
_c10922 _d10922 |
||